Schimmelschäden vermeiden : Bauphysikalische Grundlagen Analyse und Ursachen Hinweise zur Vermeidung und Sanierung

Saved in:
Bibliographic Details
Main Authors: Lotz, Antje (Author), Hammacher, Peter (Author)
Format: Book
Language:German
Published: Stuttgart : Fraunhofer IRB, 2004
Edition:2.preprac.vyd.
Tags: Add Tag
No Tags, Be the first to tag this record!

MARC

LEADER 00000nam a22000003a 4500
001 stu97129
005 20150617225818.7
008 051108s2004----gw------------------ger-d
020 |a 3-8167-6336-7 
040 |a STU  |b slo 
041 0 |a ger 
044 |a gw 
080 |a 620.192 
100 1 |a Lotz, Antje  |4 aut 
245 1 |a Schimmelschäden vermeiden :  |b Bauphysikalische Grundlagen Analyse und Ursachen Hinweise zur Vermeidung und Sanierung 
250 |a 2.preprac.vyd. 
260 |a Stuttgart :  |b Fraunhofer IRB,  |c 2004 
300 |a 183 s.;obr 
700 1 |a Hammacher, Peter  |4 aut 
996 |c V*48948/O-21573  |l VV8  |s P  |a 0  |w stu97129_0001